LEADER 01525nam 2200481 450 001 9910791600203321 005 20230802011744.0 010 $a1-78166-899-X 035 $a(CKB)2550000001216885 035 $a(StDuBDS)AH24101045 035 $a(SSID)ssj0001508674 035 $a(PQKBManifestationID)11850529 035 $a(PQKBTitleCode)TC0001508674 035 $a(PQKBWorkID)11513691 035 $a(PQKB)10623029 035 $a(MiAaPQ)EBC4460775 035 $a(Au-PeEL)EBL4460775 035 $a(CaPaEBR)ebr11260872 035 $a(OCoLC)948781345 035 $a(EXLCZ)992550000001216885 100 $a20160928h20122012 uy| 0 101 0 $aeng 135 $aur||||||||||| 181 $ctxt 182 $cc 183 $acr 200 14$aThe opium habit $ewith suggestions as to the remedy /$fHorace B. Day 210 1$a[Luton, Bedfordshire] :$cAndrews UK Limited,$d[2012] 210 4$d©2012 215 $a1 online resource (308 p.) 300 $aBibliographic Level Mode of Issuance: Monograph 330 $bOne of the earliest books to tackle the problems of opium addiction, which had become widespread in the wake of the American Civil War, and to suggest some solutions. 606 $aOpium abuse$zUnited States 615 0$aOpium abuse 676 $a616.863 700 $aDay$b Horace B.$f1819-1870,$01562242 801 0$bMiAaPQ 801 1$bMiAaPQ 801 2$bMiAaPQ 906 $aBOOK 912 $a9910791600203321 996 $aThe opium habit$93829701 997 $aUNINA LEADER 01524nam0 22003133i 450 001 BVE0935083 005 20251003044100.0 010 $a9788878123717 100 $a20240207d2023 ||||0itac50 ba 101 | $aita$cita 102 $ait 181 1$6z01$ai $bxxxe 182 1$6z01$an 183 1$6z01$anc$2RDAcarrier 200 1 $aPiano d?azione per l?infrastruttura nazionale della conoscenza$fAssociazione italiana biblioteche, Gruppo di lavoro sulle biblioteche digitali 210 $aRoma$cAssociazione italiana biblioteche$d2023 215 $a135 p.$d21 cm 500 10$aˆ ‰Piano d?azione per l?infrastruttura nazionale della conoscenza$3BVE0935084$9BVEV293243$93569131 676 $a025.04$9Biblioteconomia e scienza dell'informazione. Attività delle biblioteche, archivi, centri d'informazione. Sistemi di immagazzinamento$v22 686 $aZ 669$c$2C 710 02$aAIB$b : Gruppo di lavoro sulle biblioteche digitali$3BVEV293243$01429811 801 3$aIT$bIT-000000$c20240207 850 $aIT-BN0095 901 $bNAP 01$cBCA $nComprende monografie e periodici di diritto, testi di ingegneria, di scienze e tecnologia di nuova acquisizione. 912 $aBVE0935083 950 0$aBiblioteca Centralizzata di Ateneo$b1 v.$c1 v.$d 01BCA DIREZIONE 50$e 01 0000138375E VMA 1 v.$fB $h20241219$i20241219 977 $a 01 996 $aPiano d?azione per l?infrastruttura nazionale della conoscenza$93569131 997 $aUNISANNIO